ბათუმის შოთა რუსთაველის სახელმწიფო უნივერსიტეტის ბიბლიოთეკა

ევროპული სისხლის სამართალი=EUROPALSHES STRAFRECHT:ევროკავშირის ფარგლებში. (ბიბ.ჩანაწერი № 44017)

000 -LEADER
fixed length control field 01130nam a2200253Ia 4500
001 - CONTROL NUMBER
control field 10767
003 - CONTROL NUMBER IDENTIFIER
control field GE_BSU
008 - FIXED-LENGTH DATA ELEMENTS--GENERAL INFORMATION
fixed length control field 181216s||||||||xx |||||||||||||| ||und||
020 ## - INTERNATIONAL STANDARD BOOK NUMBER
International Standard Book Number 9789941934346
040 ## - CATALOGING SOURCE
Transcribing agency GE_BSU
080 ## - UNIVERSAL DECIMAL CLASSIFICATION NUMBER
Universal Decimal Classification number 343(4)
100 ## - MAIN ENTRY--PERSONAL NAME
Personal name ჯიშკარიანი,ბაჩანა
245 ## - TITLE STATEMENT
Title ევროპული სისხლის სამართალი=EUROPALSHES STRAFRECHT:ევროკავშირის ფარგლებში.
245 ## - TITLE STATEMENT
Statement of responsibility, etc. რედ:გიორგი დგებუაძე.
260 ## - PUBLICATION, DISTRIBUTION, ETC.
Place of publication, distribution, etc. თბილისი
260 ## - PUBLICATION, DISTRIBUTION, ETC.
Name of publisher, distributor, etc. იურისტების სამყარო
260 ## - PUBLICATION, DISTRIBUTION, ETC.
Date of publication, distribution, etc. 2013
300 ## - PHYSICAL DESCRIPTION
Extent 258გვ;22სმ.
300 ## - PHYSICAL DESCRIPTION
Other physical details პარალ.თავფ.გერმ.ენაზე. - ბიბლიოგრ.ტექსტ.შენიშვნ.გვ:235-256.
653 ## - INDEX TERM--UNCONTROLLED
Uncontrolled term ევროპული სისხლის სამართალი=EUROPALSHES STRAFRECHT:ევროკავშირის ფარგლებში.
653 ## - INDEX TERM--UNCONTROLLED
Uncontrolled term სამართალი
942 ## - ADDED ENTRY ELEMENTS (KOHA)
Koha item type წიგნი
ეგზემპლარები
Withdrawn status Lost status Damaged status Not for loan Date acquired Barcode Date last seen Price effective from Koha item type
        2018-12-17 35111 2018-12-17 2018-12-17 წიგნი
        2018-12-17 35112 2018-12-17 2018-12-17 წიგნი
        2018-12-17 35113 2018-12-17 2018-12-17 წიგნი